000 00721nam a2200253 i 4500
001 bg
100 1 _aSTACHURSKI, Marcin
245 1 0 _aMetody numeryczne w programie Matlab /
_cMarcin Stachurski.
260 _aWarszawa :
_b"Mikom",
_c2003.
300 _a82, [5] s. :
_bil. ;
_c24 cm.
504 _aBibliogr. Indeks.
650 9 _aAnaliza matematyczna
650 9 _aMatlab
655 _aPodręczniki
015 _aPB 21836/2003
020 _a837279376X
040 _cBPK
041 0 _apol
080 _a004.42:519.61/.64](07)
920 _a83-7279-376-X
942 _cKS
008 s pl f |000 0 pol
999 _c46304
_d46304
856 _uhttp://koha.tu.koszalin.pl/cgi-bin/koha/opac-detail.pl?biblionumber=46304
_yKatalog online BPK